| 000 | 00915nam a2200253 a 4500 | ||
|---|---|---|---|
| 001 | 000945900 | ||
| 003 | AM-YeHGA | ||
| 005 | 20250617145837.0 | ||
| 008 | 130213s1975 ||||||||||||||||||||rus d | ||
| 040 | _aAM-YeHGA | ||
| 041 | 0 | _arus | |
| 100 | 1 | _aХавин, Исаак Борисович | |
| 245 | 1 | 0 |
_aОсновные эндокринные заболевания и их лечение / _cИ.Б. Хавин, Р.К. Исламбеков . |
| 260 |
_aТашкент : _bМедицина, _c1975. |
||
| 300 |
_a204 с. : _bил. |
||
| 650 | 1 | 4 | _aЭндокринология |
| 650 | 1 | 4 | _aБолезни щитовидной железы |
| 650 | 1 | 4 | _aБолезни половых желез |
| 650 | 1 | 4 | _aОжирение |
| 650 | 1 | 4 | _aБолезни надпочечников |
| 650 | 1 | 4 | _aГипофиз |
| 700 | 1 | _aИсламбеков, Раджаб Капланович | |
| 090 | _c321246 | ||
| 999 |
_c319511 _d319511 |
||